| 000 | 01317nam a2200313 4500 | ||
|---|---|---|---|
| 003 | CO-CtgCURN | ||
| 005 | 20250329165452.0 | ||
| 008 | 160531s1995 000 0 eng d | ||
| 040 |
_aCO-CtgCURN _bspa _ccoctgcurn |
||
| 082 | 0 |
_aLEP 1995 _bA594 |
|
| 245 | 0 | 0 |
_aImpactos de los Talleres Creativos de la Escuela La Milagrosa del Barrio Getsemani / _cAna Angulo ... [et al.]. |
| 260 |
_aCartagena de Indias : _bCorporacion Universitaria Rafael Nuñez, _c1995. |
||
| 300 | _a147 p. | ||
| 336 | _2rdacontent | ||
| 337 |
_2rdamedia _asin mediacion _bn |
||
| 338 |
_2rdacarrier _avolumen _bnc |
||
| 502 | _aTrabajo de grado (Licenciado en Educacion Pre-escolar). Corporacion Universitaria Rafael Nuñez. Facultad de Ciencias Sociales y Humanas. Licenciatura en Educacion Pre-escolar, 1995. | ||
| 504 | _aIncluye bibliografia. | ||
| 590 | _aLicenciatura en Educacion Preescolar | ||
| 650 | 0 |
_aLicenciatura en Educacion Preescolar _vTesis y disertaciones academicas. |
|
| 700 | 1 | _aAngulo, Ana. | |
| 700 | 1 | _aNarvaez, Urelis. | |
| 700 | 1 | _aPalomino, Enalba. | |
| 700 | 1 | _aSala, Benilda. | |
| 700 | 1 | _aRomero, Ingrid. | |
| 856 | 7 | _zClick aqui para ver el recurso en texto completo | |
| 942 |
_hLEP 1995 _iA594 _2ddc _cTG |
||
| 999 |
_c5049 _d5049 |
||